Moon phases By Emoji - Statistics

General Stats
  • This quiz has been taken 72 times
  • The average score is 5 of 8
Answer Stats
Hint Answer % Correct
🌕 Full moon
91%
🌑 New moon
85%
🌖 Waning gibbous
68%
🌒 Waxing crescent
66%
🌔 Waxing gibbous
66%
🌘 Waning crescent
64%
🌓 First quarter
55%
🌗 Third quarter
51%
No matching quizzes found
Score Distribution
Percent of People with Each Score
Percentile by Number Answered
Your Score History
You have not taken this quiz